Anuario meteorológico 1989
Guardat en:
| Autor corporatiu: | |
|---|---|
| Format: | Llibre |
| Idioma: | espanyol |
| Publicat: |
Santiago
Dirección Meteorológica de Chile
1990
|
| Matèries: | |
| Etiquetes: |
Afegir etiqueta
Sense etiquetes, Sigues el primer a etiquetar aquest registre!
|
MARC
| LEADER | 00000nam a2200000 a 4500 | ||
|---|---|---|---|
| 001 | UCT0497 | ||
| 003 | CL-VaPUC | ||
| 008 | 960905e19900000CL |||||||||||||||||spa|d | ||
| 082 | 0 | 4 | |a 551.5 |b FUE |2 21 |
| 110 | 2 | |a Fuerza Aérea de Chile |e author |9 369152 | |
| 245 | 1 | 0 | |a Anuario meteorológico 1989 |
| 300 | |a 186 p | ||
| 942 | |c BK | ||
| 945 | |d 19960905 00:00:00 |a paguirre | ||
| 260 | |a Santiago |b Dirección Meteorológica de Chile |c 1990 | ||
| 650 | 7 | |a METEOROLOGIA |2 CL-VaPUC |9 260030 | |
| 650 | 0 | |a Climatología |9 262302 | |
| 650 | 0 | |a Medio ambiente físico |9 347938 | |
| 650 | 7 | |a TIEMPO ATMOSFERICO |2 CL-VaPUC |9 360604 | |
| 650 | 7 | |a HUMEDAD |2 CL-VaPUC |9 259412 | |
| 650 | 7 | |a PERTURBACION ATMOSFERICA |2 CL-VaPUC |9 360582 | |
| 650 | 7 | |a PRESION ATMOSFERICA |2 CL-VaPUC |9 360580 | |
| 650 | 0 | |a Precipitaciones |9 357816 | |
| 651 | 7 | |a CHILE |2 CL-VaPUC |9 369153 | |
| 583 | |a last modification |c 19960905 00:00:00 |k Rodrigo Vera | ||
| 999 | |c 251449 |d 251447 | ||
| 952 | |0 0 |1 0 |4 0 |6 551_500000000000000_FUE_1990 |7 0 |8 X |9 270577 |a BIBING |b BIBING |d 2019-11-19 |i 4082729 |o 551.5 FUE 1990 |p 4082729 |r 2025-01-20 |w 2019-11-19 |y BK_X |k GEO | ||